| 000 | 00649nam a2200241u 4500 | ||
|---|---|---|---|
| 001 | 27160 | ||
| 003 | BD-RjUL | ||
| 005 | 20211209051124.0 | ||
| 008 | 140324t19611960enka 001 0 eng | ||
| 035 | _a(BD-RjUL)27231 | ||
| 040 |
_aDLC _cCarP _dBD-RjUL _beng |
||
| 041 | _aeng | ||
| 082 | 0 | 4 |
_a951.05 _bMEC 1961 |
| 100 | 1 |
_aMende, Tibor. _972284 |
|
| 245 | 1 | 0 |
_aChina and her shadow / _cTibor Mende |
| 260 |
_aLondon : _bThames and Hudson, _cc1960 [1961]. |
||
| 300 |
_a360 p. : _bill. ; _c22 cm. |
||
| 504 | _aIncludes index. | ||
| 650 | 0 |
_aCommunism _zChina. _983380 |
|
| 942 |
_2ddc _cBK |
||
| 999 |
_c27160 _d27160 |
||